| 000 | 00839cam a2200289 4500500 | ||
|---|---|---|---|
| 005 | 20260405000309.0 | ||
| 041 | _afre | ||
| 042 | _adc | ||
| 100 | 1 | 0 |
_aGagey, Athénaïs _eauthor |
| 700 | 1 | 0 |
_aMoreau, Anne-Sophie _eauthor |
| 700 | 1 | 0 |
_aFereday, Jack _eauthor |
| 245 | 0 | 0 | _aNos conseils aux télétravailleurs (1) : gardez le rythme ! |
| 260 | _c2025. | ||
| 500 | _a5 | ||
| 690 | _aCréativité | ||
| 690 | _aEfficacité | ||
| 690 | _aEnvironnement de travail | ||
| 690 | _aInnovation | ||
| 690 | _aProductivité | ||
| 690 | _aSoft skills | ||
| 690 | _aStress | ||
| 690 | _aTélétravail | ||
| 690 | _aTravail | ||
| 690 | _aVie pro / vie perso | ||
| 786 | 0 | _nPhilonomist | - | 3 | 2025-03-19 | p. 20-24 | |
| 856 | 4 | 1 | _uhttps://shs.cairn.info/magazine-philonomist-2025-3-page-20?lang=fr&redirect-ssocas=7080 |
| 999 |
_c2035668 _d2035668 |
||